The noble scholar, jurist, historian


 His Excellency Dr. Abdul Wahhab bin Ibrahim Abu Sulaiman, may Allah have mercy on him.


 He was born in Umm Al-Qura in the year 1356 AH.

هذ الرسالة المسماة بالداعي المسموع في الرد على من يورث الإخوة وأولاد الأخوات مع وجود الأصول والفروع / (Record no. 14769)

MARC details
000 -LEADER
fixed length control field 01489cam a2200253 i 4500
003 - CONTROL NUMBER IDENTIFIER
control field OSt
005 - DATE AND TIME OF LATEST TRANSACTION
control field 20260419140101.0
008 - FIXED-LENGTH DATA ELEMENTS--GENERAL INFORMATION
fixed length control field 260412s2025 ua ak g b 000 0 ara c
020 ## - INTERNATIONAL STANDARD BOOK NUMBER
International Standard Book Number 9789778995237
040 ## - CATALOGING SOURCE
Original cataloging agency SA-JeALM
Language of cataloging ara
Transcribing agency SA-RiAUC
Description conventions rda
050 #4 - LIBRARY OF CONGRESS CALL NUMBER
Item number .M84 2025
082 04 - DEWEY DECIMAL CLASSIFICATION NUMBER
Classification number 253.901
Assigning agency SA-RiAUC
090 ## - LOCALLY ASSIGNED LC-TYPE CALL NUMBER (OCLC); LOCAL CALL NUMBER (RLIN)
Classification number (OCLC) (R) ; Classification number, CALL (RLIN) (NR) م ن 253.901
Local cutter number (OCLC) ; Book number/undivided call number, CALL (RLIN) خ ط ي
100 1# - MAIN ENTRY--PERSONAL NAME
Personal name الخطيب، احمد بن عبداللطيف بن عبدالله المنكابو الجاوي
Relator term مؤلف.
245 12 - TITLE STATEMENT
Title هذ الرسالة المسماة بالداعي المسموع في الرد على من يورث الإخوة وأولاد الأخوات مع وجود الأصول والفروع /
Remainder of title بالهامش القول المبرم في أن منع الأصول والفروع من إرثهم محرم تأليف العلامة أبو بكر بن السيد محمد شطا
Statement of responsibility, etc. تأليف الشيخ أحمد الخطيب ابن الشيخ عبداللطيف الخطيب ابن الشيخ عبدالله المنكابو الجاوي
264 #1 - PRODUCTION, PUBLICATION, DISTRIBUTION, MANUFACTURE, AND COPYRIGHT NOTICE
Place of production, publication, distribution, manufacture القاهرة ؛
Name of producer, publisher, distributor, manufacturer المطبعة الميمنية،
-- احمد البابي الحلبي.
Date of production, publication, distribution, manufacture, or copyright notice [بين 1891 و1892 = 1309 هـ]
300 ## - PHYSICAL DESCRIPTION
Extent 24 صفحة :
Dimensions 26 سم.
336 ## - CONTENT TYPE
Content type term نص
Content type code txt
Source rdacontent
Materials specified كتاب
337 ## - MEDIA TYPE
Media type term بدون وسيط
Media type code n
Source rdamedia
650 #7 - SUBJECT ADDED ENTRY--TOPICAL TERM
Topical term or geographic name entry element المواريث (فقه إسلامي)
Source of heading or term aucsh
650 #7 - SUBJECT ADDED ENTRY--TOPICAL TERM
Topical term or geographic name entry element التركات (فقه إسلامي)
Source of heading or term aucsh
942 ## - ADDED ENTRY ELEMENTS (KOHA)
Source of classification or shelving scheme Dewey Decimal Classification
Koha item type كتاب مصور نادر
Suppress in OPAC No
949 ## - LOCAL PROCESSING INFORMATION (OCLC)
a SA-JeALM
d 260412
u osman123
n 1
Holdings
Withdrawn status Lost status Source of classification or shelving scheme Damaged status Not for loan Home library Current library Date acquired Total checkouts Full call number Barcode Date last seen Price effective from Koha item type
    Dewey Decimal Classification     DR AbdElwahab Library DR AbdElwahab Library 04/13/2026   م ن 253.901 خ ط ي 000023332 04/13/2026 04/13/2026 كتاب مصور نادر
    Dewey Decimal Classification     DR AbdElwahab Library DR AbdElwahab Library 04/19/2026   م ن 253.901 خ ط ي 000023429 04/19/2026 04/19/2026 كتاب مصور نادر